| 000 | 01341nam0a22002891 4500 | ||
|---|---|---|---|
| 001 | rc\4801968 | ||
| 005 | 20250612185511.0 | ||
| 035 | _a(NLR Aleph) 008792778 | ||
| 090 |
_a8051994 _c8051994 |
||
| 100 | _a20130426d1968 |||y0rusy50 ca | ||
| 101 | 0 | _arus | |
| 102 | _aRU | ||
| 105 | _aa z ||||| | ||
| 200 | 1 |
_aРоторные системы для спуска и посадки космических летательных аппаратов, возвращения отработанных ступеней ракет и десантирования грузов _e(По материалам иностр. печати за 1960-1967 гг.) _f[Сост. И.К. Томс, Е.И. Ружицкий] _gЦАГИ. Бюро науч.-техн. информации |
|
| 210 |
_a[Москва] _cБ. и. _d1968 |
||
| 215 |
_a37 с., включ. обл. _cил. _d29 |
||
| 225 | 1 |
_aОбзоры. Переводы. Рефераты _v№ 258 _iОбзоры |
|
| 300 | _aОтпеч. множит. аппаратом | ||
| 320 | _aБиблиогр.: с. 36-37 | ||
| 333 | _aОгранич. пользования | ||
| 700 | 1 |
_aТомс _bИ.К. _4220 |
|
| 701 | 1 |
_aРужицкий _bЕ.И. _gЕвгений Иванович _4220 |
|
| 801 | 0 |
_aRU _bNLR _gpsbo |
|
| 801 | 1 |
_aRU _bELAR _2rusmarc |
|
| 852 |
_aNLR _jП11/2256 |
||
| 942 | _cBOOK | ||
| 980 | _aNB | ||